Poplatok za nakladanie s komunálnym odpadom v rôznych regiónoch SR bakalárska práca

Salvato in:
Dettagli Bibliografici
Autore principale: Mudzo, Maroš
Ente Autore: Podnikovohospodárska fakulta EU so sídlom v Košiciach. Katedra marketingu a obchodu
Altri autori: Bosák, Martin, 1967-
Natura: Libro
Lingua:slovacco
Pubblicazione: Košice 2012
Tags: Aggiungi Tag
Nessun Tag, puoi essere il primo ad aggiungerne!!

MARC

LEADER 00000nbm a2200000 4500
001 0155714
005 20161109111911.3
041 0 |a slo 
044 |a SK 
245 1 0 |a Poplatok za nakladanie s komunálnym odpadom v rôznych regiónoch SR  |b bakalárska práca  |c Maroš Mudzo ; školiteľ: Martin Bosák 
264 1 |a Košice  |c 2012 
300 |a 60 s. 
100 1 |a Mudzo, Maroš 
700 1 |a Bosák, Martin, 1967- 
710 2 |a Podnikovohospodárska fakulta EU so sídlom v Košiciach. Katedra marketingu a obchodu